| 000 | 00502pab a2200169 454500 | ||
|---|---|---|---|
| 008 | 180718b2017 xxu||||| |||| 00| 0 eng d | ||
| 100 | _aNicholson-Crotty, Sean | ||
| 245 | _aPerformance and management in the public sector: testing a model of relative risk aversion | ||
| 260 | _c2017 | ||
| 300 | _ap.603-614. | ||
| 362 | _aJul-Aug | ||
| 650 | _aPublic sector | ||
| 650 | _aPerformance appraisal | ||
| 700 | _aNicholson-Crotty, Jill | ||
| 773 | _aPublic Administration Review | ||
| 909 | _a115711 | ||
| 999 |
_c115705 _d115705 |
||